000 00499nam a2200181Ia 4500
003 GCL
008 140319s9999 xx 000 0 eng d
040 _aGCL /
_cGCL
082 0 4 _a301
_bH S
100 1 _aHUNT, ELGIN F
245 1 0 _aSOCAL SCENCE: AN INTRODUCTION TO THE STUDY OF SOCIETY /
_cHUNT, ELGIN F
700 1 _aCOLANDER,DAVID C
260 _a[S.N] :
_bMACMILLAN PUBLBISHING COMPANY ،
_c1993
300 _a716P
650 0 4 _aSOCIOLOGY
650 0 4 _aSOCIAL SCIENCE
942 _2ddc
_cBK
999 _c17188
_d17188